Представление документа в формате RUSMARC

ПолеНазваниеЗначение
  Тип записи a
  Библиографический уровень m
001 Контрольный номер RU/SLIB/B/208782280
005 Дата корректировки 20201206204346.6
010 Индекс ISBN __
d Цена 2-10
101 Язык документа __
a Язык текста rus
200 Заглавие и сведения об ответственности __
a Заглавие Бессонница ; Вечная проблема ; Воспоминания
f Первые сведения об ответственности А. А. Крон
b Общее обозначение материала Текст
210 Выходные данные __
a Место издания М.
c Издательство Худож. лит.
d Дата издания 1980
215 Физическое описание __
a Объем 510 с.
327 Примечание о содержании __
a Примечание о содержании Вечная проблема
461 Уровень набора __
1 2001
a Избранные произведения
v Т. 2
606 Тематические рубрики __
a Основная рубрика Художественная литература
z Хронологическая подрубрика 1909-1983 гг.; 20 в.
y Географическая подрубрика Россия
606 Тематические рубрики __
a Основная рубрика Русская литература XX в. (произведения)
610 Ключевые слова __
a Ключевые слова писатели; проза; прозаики; романы; воспоминания
686 Индексы других классификаций __
a Классификационный индекс 84(2Рос=Рус)6-4
700 Автор __
a Фамилия Крон
b Имя А. А.
4 Код отношения 070
801 Источник записи _0
a Страна RU
b Организация Муниципальное бюджетное учреждение культуры "Централизованная библиотечная система" г. Сургут (Центральная городская библиотека им. А. С. Пушкина)
g Правила каталогизации КиК/Лебедева
801 Источник записи _1
a Страна RU
b Организация Муниципальное бюджетное учреждение культуры "Централизованная библиотечная система" г. Сургут (Центральная городская библиотека им. А. С. Пушкина)
g Правила каталогизации КиК/Лебедева
852 Данные о местонахождении __
j Шифр хранения 84(2Рос=Рус)6-4
i Авторский знак К 83
p Инвентарный номер 4145
901 Тип документа __
t Тип документа m
990 Данные о заказе (DOS) __
j Количество экземпляров (DOS) 1
t N записи в КСУ для И/У (DOS) ретро